000 00299 a2200133 4500
999 _c2509
_d2509
003 OSt
005 20210713070143.0
008 210713b ||||| |||| 00| 0 eng d
020 _a0433001674
040 _cALUPE UNIVERSITY
050 _aRT 86.3
_b.J83 1989
245 _aMOBILITY
942 _2lcc
_cBK
_nPW